000 00643nam a2200193Ia 4500
005 20250508153354.0
008 008 250505s9999 xx 000 0 eng d
037 _aTextual
040 _aFEDL
_beng
_cFEDL
041 _aeng
_2eng
084 _a370.973, UNI
_qFEDL
245 0 _aTeaching about the United Nations in the United States January 1, 1960 through December 31, 1963
245 0 _cU S Department of Helath, Education, and Welfare
260 _aWashington, USA
_bU.S. Government Printing Office
_c1964
300 _avi,110p.
650 _aEducation
942 _cTEXL
_h370.973, UNI
999 _c1342386
_d1342386